'A' Fictional Character Blitz Quiz Stats

 Plays Quiz Updated Apr 11, 2021

Support Sporcle.
Go Orange.
Score 0/12 Timer 01:00
15 Plays Today
% Correct
Albus Dumbledore
96.6%
Arya Stark
87.7%
Atticus Finch
86.9%
Aragorn
86.3%
Ahab
85.2%
Aslan
84.7%
Alice
84.3%
Amy March
83.7%
Alex Delarge
75.8%
Aibileen Clark
72.5%
Anton Chigurh
72.2%
Alex Cross
66.2%

You're not logged in!

Compare scores with friends on all Sporcle quizzes.
OR
Log In

From the Vault

States with White Castle

by THMcC907

You definitely have to be in a certain state to enjoy them fully.
Remove Ads.
Support Sporcle.
Get the best of Sporcle when you Go Orange. This ad-free experience offers more features, more stats, and more fun while also helping to support Sporcle. Thank you for becoming a member.

Show Comments

Extras

Top Quizzes Today


Score Distribution

Your Account Isn't Verified!

In order to create a playlist on Sporcle, you need to verify the email address you used during registration. Go to your Sporcle Settings to finish the process.

Report this User

Report this user for behavior that violates our Community Guidelines.

Details: